Harry Potter: Tierwesen - Statistiken

Allgemein
  • Dieses Quiz wurde 591 mal gespielt
  • Das Durchschnittsergebnis liegt bei 6 aus 10
Antwortstatistiken
Tipp Antwort % Korrekt
Diese Tierart bringt die Post Eule
100%
Malfoy wird von diesem Tier in Pflege magischer Geschöpfe verletzt Seidenschnabel
79%
Er lebt(e) in der Kammer des Schreckens Basilisk
78%
Sein Kuss ist schlimmer als der Tod Dementor
73%
Diese Tiere kann man nur sehen, wenn man jemanden sterben sehen hat Thestral
66%
Er lebt im verbotenen Wald und unterrichtet später Wahrsagen in Hogwarts Firenze
62%
Beispiele dafür sind Rita Kimmkorn und Minerva McGonagal Animagus
59%
Drei Hauselfen werden namentlich genannt: Dobby, Kreacher und Winky
43%
Name der #1 von Familie Weasley Errol
37%
Mad Eye Moody wäre wohl der Einzige der wüsste, wie dieses Wesen wirklich aussicht Irrwicht
28%
Keine übereinstimmenden Quizze gefunden
Verteilung der Resultate
Anzahl Personen mit jedem Resultat
Perzentil nach korrekt beantworteten Fragen
Ihre Resultats-Entwicklung
Sie haben dieses Quiz noch nicht gespielt